[Event "GRE-ch U20"]
[Site "Trikala"]
[Date "2023.04.22"]
[Round "7"]
[White "Mavridis, Athanasios"]
[Black "Kyriazidis, Theofylaktos"]
[Result "0-1"]
[WhiteElo "1756"]
[BlackElo "1446"]
[PlyCount "106"]
[EventDate "2023.04.18"]
[EventType "swiss"]
[EventRounds "9"]
[EventCountry "GRE"]
[SourceTitle "EXT 2024"]
[Source "ChessBase"]
[SourceDate "2023.10.10"]
[SourceVersion "1"]
[SourceVersionDate "2023.10.10"]
[SourceQuality "1"]

1. d4 d6 2. c4 e5 3. d5 Nd7 4. Nc3 Ngf6 5. g3 Be7 6. Bg2 a5 7. Nf3 Nc5 8. 0-0 0-0 9. Qc2 h6 10. Nh4 Re8 11. e4 Kh7 12. f4 Nfd7 13. Nf3 Bf6 14. g4 g6 15. g5 hxg5 16. fxg5 Be7 17. Qf2 Rh8 18. Nh4 Rf8 19. Qg3 Qe8 20. Nf5 Rh8 21. Nh6 f6 22. Bh3 Rf8 23. Qh4 Rh8 24. Be6 Kg7 25. Qg4 Nxe6 26. Qxe6 Rf8 27. Qg4 Qd8 28. h4 fxg5 29. Bxg5 Nf6 30. Qg3 Nh5 31. Qe3 Bxg5 32. Qxg5 Qxg5+ 33. hxg5 Nf4 34. Kh2 Bd7 35. Kg3 Rh8 36. Rf3 Rh7 37. Raf1 Rah8 38. b3 Rxh6 39. gxh6+ Rxh6 40. Rxf4 Rh3+ 41. Kg2 exf4 42. Nb5 f3+ 43. Kf2 g5 44. Nxc7 g4 45. c5 Kf6 46. cxd6 Ke5 47. Ne6 Bxe6 48. dxe6 Kxd6 49. Rg1 Rh2+ 50. Ke3 f2 51. Rd1+ Kxe6 52. Kf4 Rg2 53. Rf1 g3 0-1

[Event "GRE-ch U20"]
[Site "Trikala"]
[Date "2023.04.19"]
[Round "3"]
[White "Makropoulos, Andreas"]
[Black "Mavridis, Athanasios"]
[Result "0-1"]
[WhiteElo "1244"]
[BlackElo "1756"]
[PlyCount "34"]
[EventDate "2023.04.18"]
[EventType "swiss"]
[EventRounds "9"]
[EventCountry "GRE"]
[SourceTitle "EXT 2024"]
[Source "ChessBase"]
[SourceDate "2023.10.10"]
[SourceVersion "1"]
[SourceVersionDate "2023.10.10"]
[SourceQuality "1"]

1. e4 c5 2. Nc3 e6 3. f4 d5 4. Nf3 Nc6 5. Bb5 Nf6 6. e5 Nd7 7. Bxc6 bxc6 8. d4 Ba6 9. Ne2 cxd4 10. Nexd4 Qb6 11. c3 Nc5 12. Ng5 Nd3+ 13. Kd2 Nf2 14. Qh5 g6 15. Qh4 Nxh1 16. Ngxe6 c5 17. Nxf8 cxd4 0-1